Certain poor shepherds / (Record no. 373410)
[ view plain ]
| 000 -LEADER | |
|---|---|
| fixed length control field | 00615nam a2200193Ia 4500 |
| 003 - CONTROL NUMBER IDENTIFIER | |
| control field | OSt |
| 005 - DATE AND TIME OF LATEST TRANSACTION | |
| control field | 20260112153037.0 |
| 008 - FIXED-LENGTH DATA ELEMENTS--GENERAL INFORMATION | |
| fixed length control field | 240531s9999 xx 000 0 und d |
| 020 ## - INTERNATIONAL STANDARD BOOK NUMBER | |
| International Standard Book Number | 9780763670627 |
| 040 ## - CATALOGING SOURCE | |
| Original cataloging agency | Kenya national library service |
| 082 ## - DEWEY DECIMAL CLASSIFICATION NUMBER | |
| Classification number | 823.92 THO |
| 100 ## - MAIN ENTRY--PERSONAL NAME | |
| Personal name | Thomas, Elizabeth Marshall |
| 245 #0 - TITLE STATEMENT | |
| Title | Certain poor shepherds / |
| Remainder of title | a christmas tale : the animals' story |
| 300 ## - PHYSICAL DESCRIPTION | |
| Extent | 146 pages : |
| Other physical details | illustrations , |
| Dimensions | 21.2 cm |
| 650 ## - SUBJECT ADDED ENTRY--TOPICAL TERM | |
| Topical term or geographic name entry element | JESUS CHRIST NATIVITY JUVENILE FICTION |
| 700 ## - ADDED ENTRY--PERSONAL NAME | |
| Personal name | illustrator : Jonathan Bartlett |
| 942 ## - ADDED ENTRY ELEMENTS (KOHA) | |
| Koha item type | |
| Source of classification or shelving scheme | Dewey Decimal Classification |
| Withdrawn status | Damaged status | Not for loan | Home library | Current library | Shelving location | Date acquired | Source of acquisition | Cost, normal purchase price | Total checkouts | Full call number | Barcode | Date last seen | Price effective from | Koha item type |
|---|---|---|---|---|---|---|---|---|---|---|---|---|---|---|
| Information Access | Information Access | 05/31/2024 | DON | 1374.00 | JF THO | A595179 | 06/30/2025 | 05/31/2024 | Books |
